| 000 | 00406nam a22001697a 4500 | ||
|---|---|---|---|
| 003 | CEME | ||
| 005 | 20210628205810.0 | ||
| 008 | 210204b xxu||||| |||| 00| 0 eng d | ||
| 040 | _c. | ||
| 082 | _a891.4391 PER | ||
| 100 |
_aParveen Shakir _913853 |
||
| 245 | _a Kuf aiynna | ||
| 260 |
_aISLAMABAD _bMURAD PUBLICATIONS _c1998 |
||
| 300 | _a117P | ||
| 650 |
_aURDU ADAB-POETRY _928226 |
||
| 942 |
_cBK _2ddc |
||
| 999 |
_c582385 _d582385 |
||